[Event "Montreal Mercredi 02"]
[Site "Montreal CAN"]
[Date "2012.02.29"]
[Round "2"]
[White "Amesse, Louis-Philippe"]
[Black "Hebert, Pierre"]
[Result "0-1"]
[WhiteElo "1602"]
[BlackElo "1634"]
[PlyCount "46"]
[GameId "2160767909576236"]
[EventDate "2012.02.22"]
[EventType "swiss"]
[EventRounds "5"]
[EventCountry "CAN"]
[SourceTitle "EXT 2022"]
[Source "ChessBase"]
[SourceDate "2021.10.06"]
[SourceVersion "1"]
[SourceVersionDate "2021.10.06"]
[SourceQuality "1"]

1. e4 c5 2. f4 d6 3. Nf3 Nf6 4. Nc3 e6 5. Bc4 g6 6. d3 Bg7 7. h3 a6 8. a4 Nc6 9. Be3 b6 10. Qe2 Nd7 11. Ng5 Nd4 12. Qd2 h6 13. Nf3 Bb7 14. Bxd4 cxd4 15. Ne2 e5 16. g4 Qc7 17. Ng3 d5 18. exd5 O-O-O 19. O-O-O Nc5 20. a5 b5 21. b4 bxc4 22. dxc4 Bxd5 23. Rhf1 Bxf3 0-1

[Event "Montreal Mercredi 02"]
[Site "Montreal CAN"]
[Date "2012.02.29"]
[Round "2"]
[White "Baran, Marius"]
[Black "Cote, Philippe"]
[Result "1-0"]
[WhiteElo "1712"]
[BlackElo "1704"]
[PlyCount "61"]
[GameId "2160767909576237"]
[EventDate "2012.02.22"]
[EventType "swiss"]
[EventRounds "5"]
[EventCountry "CAN"]
[SourceTitle "EXT 2022"]
[Source "ChessBase"]
[SourceDate "2021.10.06"]
[SourceVersion "1"]
[SourceVersionDate "2021.10.06"]
[SourceQuality "1"]

1. d4 d6 2. g3 Nf6 3. Bg2 g6 4. Nf3 Bg7 5. O-O O-O 6. c4 Nbd7 7. Nc3 e5 8. e4 a6 9. Bg5 h6 10. Be3 Rb8 11. Qd2 Ng4 12. dxe5 Nxe3 13. Qxe3 dxe5 14. Rfd1 b5 15. cxb5 axb5 16. Nd5 c6 17. Nb4 Bb7 18. Rac1 Rc8 19. Nd3 Qa5 20. Bh3 f5 21. exf5 Rce8 22. Nh4 e4 23. Nc5 Nxc5 24. Rxc5 Qxa2 25. Rd7 Bc8 26. Rxg7+ Kxg7 27. Qd4+ Rf6 28. Rxc6 Qf7 29. fxg6 Qf8 30. Bxc8 Rxc8 31. Qd7+ 1-0

[Event "Montreal Mercredi 02"]
[Site "Montreal CAN"]
[Date "2012.02.29"]
[Round "2"]
[White "Bergeron, Rene"]
[Black "Giroux, Robert"]
[Result "1-0"]
[WhiteElo "1747"]
[BlackElo "1807"]
[PlyCount "157"]
[GameId "2160767909576238"]
[EventDate "2012.02.22"]
[EventType "swiss"]
[EventRounds "5"]
[EventCountry "CAN"]
[SourceTitle "EXT 2022"]
[Source "ChessBase"]
[SourceDate "2021.10.06"]
[SourceVersion "1"]
[SourceVersionDate "2021.10.06"]
[SourceQuality "1"]

1. c4 c5 2. Nc3 g6 3. g3 Bg7 4. Bg2 Nc6 5. Nf3 b6 6. Rb1 Bb7 7. O-O Nf6 8. a3 O-O 9. b4 Qc8 10. bxc5 bxc5 11. d3 Nd8 12. Bb2 Bc6 13. e4 d6 14. Nd5 Nxd5 15. cxd5 Bd7 16. Bxg7 Kxg7 17. d4 cxd4 18. Qxd4+ f6 19. Rfc1 Rb8 20. Qxa7 Rxb1 21. Rxb1 Nf7 22. a4 Qc2 23. Ra1 Qb2 24. Qd4 Qxd4 25. Nxd4 Ra8 26. a5 Nd8 27. Bf1 Ra7 28. a6 e5 29. Ne2 Bb5 30. Nc3 Bd7 31. Bb5 Bc8 32. Bd3 Bd7 33. Nb5 Bxb5 34. Bxb5 Kf7 35. Kf1 Ke7 36. Rc1 f5 37. f3 fxe4 38. fxe4 Nf7 39. Ke2 Kd8 40. Ke3 h6 41. Rc6 Ke7 42. Kd3 Ng5 43. h4 Nf3 44. Rb6 Rc7 45. Rb7 Kd8 46. Bc6 Rxb7 47. Bxb7 Kc7 48. Kc4 Kb6 49. Bc8 g5 50. hxg5 hxg5 51. Kd3 Nd4 52. Ke3 Ka7 53. Kf2 Kb6 54. Kg2 Ka7 55. Kh3 Nb3 56. Kg4 Nd2 57. Kf5 g4 58. Kxg4 Nxe4 59. Kf3 Nf6 60. Bb7 Nh5 61. Kg4 Nf6+ 62. Kf5 Nh5 63. Kg4 Nf6+ 64. Kf3 Nh5 65. Bc8 Nf6 66. Bb7 Nh5 67. g4 Nf4 68. Ke4 Nh3 69. Kf5 Nf4 70. g5 Kb6 71. g6 Nh5 72. Kg5 Ng7 73. Bc8 Kc7 74. Bg4 Kb6 75. Be2 Ne8 76. Kf5 Nc7 77. g7 Nxd5 78. Ke6 Nc7+ 79. Kf7 1-0

[Event "Montreal Mercredi 02"]
[Site "Montreal CAN"]
[Date "2012.02.29"]
[Round "2"]
[White "Berthiaume, Yves"]
[Black "Mestre, Evick"]
[Result "0-1"]
[WhiteElo "1456"]
[BlackElo "1510"]
[PlyCount "66"]
[GameId "2160767909576239"]
[EventDate "2012.02.22"]
[EventType "swiss"]
[EventRounds "5"]
[EventCountry "CAN"]
[SourceTitle "EXT 2022"]
[Source "ChessBase"]
[SourceDate "2021.10.06"]
[SourceVersion "1"]
[SourceVersionDate "2021.10.06"]
[SourceQuality "1"]

1. d4 d5 2. c4 c6 3. Nf3 Nf6 4. Nc3 e6 5. e3 Nbd7 6. Bd3 dxc4 7. Bxc4 b5 8. Bd3 a6 9. O-O c5 10. b3 cxd4 11. Nxd4 Bb7 12. Bb2 Be7 13. Rc1 O-O 14. Qc2 Rc8 15. Qb1 Ne5 16. Be2 b4 17. Nd1 Qd5 18. f3 Bc5 19. Nf2 Ng6 20. Rfd1 Qg5 21. e4 Nf4 22. Bf1 e5 23. Nf5 Nh3+ 24. Kh1 Nxf2+ 25. Kg1 Nxd1+ 26. Kh1 Nf2+ 27. Kg1 Nd3+ 28. Kh1 Nxc1 29. Bxc1 Bxe4 30. fxe4 Qg4 31. Ne3 Bxe3 32. Bxe3 Qxe4 33. Qe1 Rc3 0-1

[Event "Montreal Mercredi 02"]
[Site "Montreal CAN"]
[Date "2012.02.29"]
[Round "2"]
[White "Boudreau, Daniel"]
[Black "Gauthier, Denis"]
[Result "0-1"]
[WhiteElo "1902"]
[BlackElo "1935"]
[PlyCount "104"]
[GameId "2160767909576240"]
[EventDate "2012.02.22"]
[EventType "swiss"]
[EventRounds "5"]
[EventCountry "CAN"]
[SourceTitle "EXT 2022"]
[Source "ChessBase"]
[SourceDate "2021.10.06"]
[SourceVersion "1"]
[SourceVersionDate "2021.10.06"]
[SourceQuality "1"]

1. e4 c5 2. Nf3 Nc6 3. Bb5 e6 4. Bxc6 bxc6 5. e5 Ne7 6. O-O Ng6 7. b3 Be7 8. Bb2 O-O 9. Nc3 f6 10. Ne4 fxe5 11. Nxe5 Nxe5 12. Bxe5 d6 13. Bb2 e5 14. c3 Bf5 15. Qe2 Qd7 16. Rad1 Rae8 17. Rfe1 Bg6 18. f3 Rf4 19. d4 cxd4 20. cxd4 d5 21. dxe5 Bxe4 22. fxe4 Bc5+ 23. Bd4 Rxe4 24. Qf2 Rf8 25. Bxc5 Rxf2 26. Rxe4 Rc2 27. b4 Qf5 28. Ree1 Qg4 29. Bf2 Qe6 30. a4 a6 31. h3 h6 32. a5 Rc4 33. Bc5 Rf4 34. Re2 Kf7 35. Bd6 g5 36. Rc1 Rc4 37. Rf1+ Rf4 38. Rc1 Rc4 39. Rf2+ Rf4 40. Rxf4+ gxf4 41. Rxc6 f3 42. Rc7+ Kg6 43. Rc6 d4 44. Rb6 Qd5 45. Bc5+ Kf5 46. Rd6 Qxe5 47. g4+ Kg5 48. h4+ Kxg4 49. Rxd4+ Kh3 50. Rd1 Qh2+ 51. Kf1 Qe2+ 52. Kg1 Qg2# 0-1

[Event "Montreal Mercredi 02"]
[Site "Montreal CAN"]
[Date "2012.02.29"]
[Round "2"]
[White "Chenard, Yanick"]
[Black "Bergeron, Jean-Guy"]
[Result "1-0"]
[WhiteElo "1510"]
[BlackElo "1514"]
[PlyCount "111"]
[GameId "2160767909576241"]
[EventDate "2012.02.22"]
[EventType "swiss"]
[EventRounds "5"]
[EventCountry "CAN"]
[SourceTitle "EXT 2022"]
[Source "ChessBase"]
[SourceDate "2021.10.06"]
[SourceVersion "1"]
[SourceVersionDate "2021.10.06"]
[SourceQuality "1"]

1. e4 Nc6 2. Nf3 d5 3. exd5 Qxd5 4. Nc3 Qh5 5. Nb5 Kd8 6. d4 Nf6 7. Bf4 Nd5 8. Qd2 a6 9. Nc3 Nxf4 10. Qxf4 Nb4 11. O-O-O Bf5 12. Rd2 g6 13. Ne5 Ke8 14. Be2 Bh6 15. Bxh5 Bxf4 16. Bd1 Rd8 17. Ne2 Nxa2+ 18. Kb1 Bxd2 19. Kxa2 f6 20. Nc4 Be6 21. b3 Bxc4 22. bxc4 b5 23. cxb5 axb5 24. Kb3 Ra8 25. Nc3 Rb8 26. Be2 c6 27. Ra1 Kf7 28. Ne4 Bf4 29. g3 Bc7 30. Ra7 Bb6 31. Ra6 f5 32. Ng5+ Kf6 33. f4 h6 34. Nf3 Rhd8 35. c3 Rd6 36. Ne5 c5 37. dxc5 Rd2 38. cxb6 b4 39. Kxb4 Rb2+ 40. Kc4 Rc8+ 41. Kd4 Rd8+ 42. Ke3 Kg7 43. c4 Rdd2 44. Bd3 Rxh2 45. c5 Rhg2 46. Ra7 Rxg3+ 47. Kd4 Kf6 48. b7 h5 49. Ra6+ e6 50. b8=Q Rxb8 51. Nd7+ Ke7 52. Nxb8 h4 53. Ra7+ Kd8 54. Rh7 Rg4 55. Nc6+ Kc8 56. Ba6# 1-0

[Event "Montreal Mercredi 02"]
[Site "Montreal CAN"]
[Date "2012.02.29"]
[Round "2"]
[White "Gauthier, Luc"]
[Black "Rondon, Luciano"]
[Result "0-1"]
[WhiteElo "1738"]
[BlackElo "1792"]
[PlyCount "182"]
[GameId "2160767909576242"]
[EventDate "2012.02.22"]
[EventType "swiss"]
[EventRounds "5"]
[EventCountry "CAN"]
[SourceTitle "EXT 2022"]
[Source "ChessBase"]
[SourceDate "2021.10.06"]
[SourceVersion "1"]
[SourceVersionDate "2021.10.06"]
[SourceQuality "1"]

1. e4 c5 2. Nc3 d6 3. f4 g6 4. Nf3 Bg7 5. Bb5+ Bd7 6. Bc4 Nc6 7. d3 a6 8. a4 e6 9. O-O Nge7 10. Qe1 Nb4 11. Bb3 Nec6 12. f5 O-O 13. Bg5 Qb6 14. Kh1 Nxd3 15. cxd3 Qxb3 16. f6 Bh8 17. Rb1 Nb4 18. Qh4 e5 19. Bh6 Qe6 20. Bxf8 Bxf6 21. Qh6 Rxf8 22. Ng5 Bxg5 23. Qxg5 Kg7 24. Rf3 Qg4 25. Qe7 Qe6 26. Qg5 h6 27. Qe3 Qb3 28. h3 Be6 29. Qf2 Qc2 30. Qh4 Nxd3 31. Qf6+ Kg8 32. Rbf1 Nf4 33. R3f2 Qd3 34. Nd5 Bxd5 35. exd5 Qxd5 36. Kh2 Qe6 37. Qh4 g5 38. Qg3 d5 39. Re1 Qf5 40. h4 Kh7 41. Ref1 d4 42. Qb3 Qd7 43. hxg5 hxg5 44. Qc2+ Kg7 45. Qxc5 Nd3 46. Qc2 Nxf2 47. Rxf2 d3 48. Qc3 Rh8+ 49. Kg1 Qd4 50. Qc1 d2 51. Qxd2 Qxd2 52. Rxd2 Rc8 53. Rd7 Rc1+ 54. Kh2 b5 55. axb5 axb5 56. Rd5 Kf6 57. Rxb5 Kf5 58. Kg3 Rd1 59. Kf3 g4+ 60. Ke2 Rd4 61. Kf2 Rf4+ 62. Kg3 Rd4 63. Rb7 Rd3+ 64. Kf2 f6 65. Ke2 Ke4 66. Rb4+ Rd4 67. Rb6 f5 68. b4 Rc4 69. b5 Rc2+ 70. Kf1 g3 71. Rc6 Rb2 72. b6 Kd3 73. Rd6+ Ke3 74. Rd1 Rxb6 75. Re1+ Kf4 76. Ra1 Rd6 77. Ke2 e4 78. Rf1+ Ke5 79. Ra1 f4 80. Ra5+ Rd5 81. Ra8 Rc5 82. Re8+ Kd4 83. Rd8+ Rd5 84. Rf8 Ke5 85. Re8+ Kf5 86. Rf8+ Kg4 87. Re8 f3+ 88. gxf3+ exf3+ 89. Ke3 g2 90. Kf2 Rd2+ 91. Kg1 Rd1+ 0-1

[Event "Montreal Mercredi 02"]
[Site "Montreal CAN"]
[Date "2012.02.29"]
[Round "2"]
[White "Le Bas, Nicolas"]
[Black "Munshi, Shawkat"]
[Result "1-0"]
[WhiteElo "1568"]
[BlackElo "1607"]
[PlyCount "69"]
[GameId "2160767909576243"]
[EventDate "2012.02.22"]
[EventType "swiss"]
[EventRounds "5"]
[EventCountry "CAN"]
[SourceTitle "EXT 2022"]
[Source "ChessBase"]
[SourceDate "2021.10.06"]
[SourceVersion "1"]
[SourceVersionDate "2021.10.06"]
[SourceQuality "1"]

1. e4 c5 2. Nf3 d6 3. d4 cxd4 4. Nxd4 Nf6 5. Nc3 a6 6. f3 e5 7. Nb3 Be6 8. Nd5 Bxd5 9. exd5 b5 10. Be3 Nbd7 11. c4 bxc4 12. Bxc4 Nb6 13. Qd3 Nxc4 14. Qxc4 Be7 15. O-O O-O 16. Nd2 Qc8 17. Rfd1 Qb7 18. Qb3 Qxd5 19. Nc4 Qc6 20. Rac1 Rab8 21. Qa3 Qa8 22. Nxd6 Rfd8 23. Bc5 Qc6 24. Ba7 Qa8 25. Bxb8 Qxb8 26. Qxa6 h6 27. Rc8 Qxb2 28. Rxd8+ Bxd8 29. Nc4 Qb8 30. Nxe5 Bc7 31. Nc6 Bxh2+ 32. Kh1 Qc7 33. Rd8+ Kh7 34. Qc8 Qg3 35. Qf5+ 1-0

[Event "Montreal Mercredi 02"]
[Site "Montreal CAN"]
[Date "2012.02.29"]
[Round "2"]
[White "Sonn, Eric"]
[Black "Millette, Sylvain"]
[Result "1/2-1/2"]
[WhiteElo "1552"]
[BlackElo "1533"]
[PlyCount "64"]
[GameId "2160767909576244"]
[EventDate "2012.02.22"]
[EventType "swiss"]
[EventRounds "5"]
[EventCountry "CAN"]
[SourceTitle "EXT 2022"]
[Source "ChessBase"]
[SourceDate "2021.10.06"]
[SourceVersion "1"]
[SourceVersionDate "2021.10.06"]
[SourceQuality "1"]

1. e4 Nf6 2. e5 Nd5 3. d4 d6 4. Nf3 Nc6 5. Bc4 dxe5 6. dxe5 e6 7. O-O a6 8. Bg5 Be7 9. Bxe7 Ncxe7 10. Nbd2 b5 11. Bxd5 Qxd5 12. Re1 Bb7 13. Ne4 Rd8 14. Qxd5 Rxd5 15. c4 bxc4 16. Rac1 O-O 17. Rxc4 Nc6 18. Nc3 Rd3 19. Rd1 Rfd8 20. Rxd3 Rxd3 21. Kf1 Kf8 22. Ke2 Rd7 23. b4 Ke7 24. a3 Na7 25. a4 Nc6 26. Ne4 Nd4+ 27. Nxd4 Bd5 28. Nc6+ Ke8 29. Rc3 Bxe4 30. f3 Bxc6 31. Rxc6 Rd4 32. Rxa6 Rxb4 1/2-1/2

[Event "Montreal Mercredi 02"]
[Site "Montreal CAN"]
[Date "2012.02.29"]
[Round "2"]
[White "Valle-Romo, Ricardo"]
[Black "Cardin, Guillaume"]
[Result "0-1"]
[WhiteElo "2085"]
[BlackElo "2079"]
[PlyCount "130"]
[GameId "2160767909576245"]
[EventDate "2012.02.22"]
[EventType "swiss"]
[EventRounds "5"]
[EventCountry "CAN"]

1. c4 c5 2. h3 Nf6 3. a3 Nc6 4. g4 d5 5. cxd5 Nxd5 6. Nc3 Be6 7. Bg2 Nd4 8. Kf1 Nxc3 9. dxc3 Nb3 10. Be3 Nxa1 11. Qxa1 Bd5 12. Nf3 e6 13. Qc1 Be7 14. g5 Qd7 15. c4 Bc6 16. Ne5 Bxg2+ 17. Kxg2 Qc7 18. Qc3 O-O 19. h4 Bd6 20. Nd3 e5 21. f3 Rfe8 22. Nf2 Be7 23. Qc2 Qc8 24. h5 g6 25. hxg6 hxg6 26. Ng4 Kg7 27. Qc3 f6 28. Nxe5 Qe6 29. Ng4 b6 30. gxf6+ Bxf6 31. Nxf6 Qxf6 32. Rh7+ Kxh7 33. Qxf6 Rxe3 34. Qf7+ Kh8 35. Kf2 Rae8 36. Qxa7 Rxe2+ 37. Kg3 Rxb2 38. Qf7 Ree2 39. Kf4 Rg2 40. Ke5 Rbf2 41. a4 Rg5+ 42. Kd6 Rf5 43. Qxg6 R5xf3 44. Qe8+ Kg7 45. Qe5+ Kg6 46. Qe4+ Kg5 47. Kc7 Rf6 48. Kb7 R2f4 49. Qe5+ Kg6 50. Qe8+ Kg7 51. Qe2 Rf2 52. Qg4+ Kh6 53. Qh3+ Kg5 54. Qc3 R2f3 55. Qd2+ Kg4 56. a5 bxa5 57. Qxa5 Rf7+ 58. Kc6 R3f6+ 59. Kd5 Rf5+ 60. Ke6 R7f6+ 61. Ke7 Rf7+ 62. Ke6 R7f6+ 63. Ke7 Kf4 64. Qd2+ Ke4 65. Qb2 Kd3 0-1

[Event "Montreal Mercredi 02"]
[Site "Montreal CAN"]
[Date "2012.02.29"]
[Round "2"]
[White "Weston, Paul"]
[Black "Lacroix, Serge"]
[Result "1-0"]
[WhiteElo "1878"]
[BlackElo "1858"]
[PlyCount "85"]
[GameId "2160767909576246"]
[EventDate "2012.02.22"]
[EventType "swiss"]
[EventRounds "5"]
[EventCountry "CAN"]
[SourceTitle "EXT 2022"]
[Source "ChessBase"]
[SourceDate "2021.10.06"]
[SourceVersion "1"]
[SourceVersionDate "2021.10.06"]
[SourceQuality "1"]

1. Nf3 Nf6 2. c4 g6 3. g3 Bg7 4. Bg2 O-O 5. O-O c5 6. Nc3 Nc6 7. b3 d5 8. cxd5 Nxd5 9. Bb2 Nxc3 10. Bxc3 Bxc3 11. dxc3 Qxd1 12. Raxd1 b6 13. Ng5 Bb7 14. Rd7 Rab8 15. Rxb7 Rxb7 16. Bxc6 Rc7 17. Bb5 h6 18. Nf3 Rd8 19. Bc4 Kg7 20. a4 f6 21. e4 Rcd7 22. Re1 g5 23. h3 Rd6 24. Kg2 Rd1 25. Re2 Rc1 26. Re3 h5 27. g4 hxg4 28. hxg4 Rb1 29. e5 Rd7 30. exf6+ exf6 31. Re8 Rc1 32. Re3 Rc2 33. Ng1 Rc1 34. Ne2 Rb1 35. Ng3 Rc1 36. Nh5+ Kf8 37. Nxf6 Rdd1 38. Re8+ Kg7 39. Nh5+ Kh7 40. Re7+ Kh8 41. Re3 Kh7 42. Bd3+ Kh6 43. Re6# 1-0

[Event "Montreal Mercredi 02"]
[Site "Montreal CAN"]
[Date "2012.03.12"]
[Round "2"]
[White "Nardone, Raul"]
[Black "Ramaswamy, Kiran"]
[Result "0-1"]
[WhiteElo "1911"]
[BlackElo "1947"]
[PlyCount "60"]
[GameId "2160767909576247"]
[EventDate "2012.02.22"]
[EventType "swiss"]
[EventRounds "5"]
[EventCountry "CAN"]
[SourceTitle "EXT 2022"]
[Source "ChessBase"]
[SourceDate "2021.10.06"]
[SourceVersion "1"]
[SourceVersionDate "2021.10.06"]
[SourceQuality "1"]

1. e4 c5 2. Nf3 Nc6 3. c3 d5 4. exd5 Qxd5 5. d4 cxd4 6. cxd4 Bg4 7. Be2 e6 8. O-O Nf6 9. Nc3 Qd7 10. Qa4 a6 11. Bg5 Be7 12. Bxf6 Bxf6 13. d5 exd5 14. Nxd5 Qxd5 15. Qxg4 O-O 16. Rfd1 Qa5 17. Rd7 Bxb2 18. Rad1 b5 19. Qe4 Rae8 20. Qc2 Bc3 21. Ng5 g6 22. Nxf7 Rxf7 23. Rxf7 Kxf7 24. Rd7+ Re7 25. Qb3+ Kf8 26. Qd5 Rxd7 27. Qxd7 Ne7 28. Bf3 Qxa2 29. h4 Qb1+ 30. Kh2 Qf5 0-1

[Event "Montreal Mercredi 02"]
[Site "Montreal CAN"]
[Date "2012.03.07"]
[Round "3"]
[White "Cardin, Guillaume"]
[Black "Boudreau, Daniel"]
[Result "1-0"]
[WhiteElo "2079"]
[BlackElo "1902"]
[PlyCount "63"]
[GameId "2160767909576248"]
[EventDate "2012.02.22"]
[EventType "swiss"]
[EventRounds "5"]
[EventCountry "CAN"]
[SourceTitle "EXT 2022"]
[Source "ChessBase"]
[SourceDate "2021.10.06"]
[SourceVersion "1"]
[SourceVersionDate "2021.10.06"]
[SourceQuality "1"]

1. e4 c5 2. Nc3 a6 3. f4 b5 4. Nf3 e6 5. g3 Bb7 6. d3 d5 7. e5 h5 8. d4 Qb6 9. Be3 Nc6 10. Qd2 Nh6 11. dxc5 Bxc5 12. Bxc5 Qxc5 13. Ne2 Nf5 14. c3 d4 15. Rg1 Rd8 16. b4 Qb6 17. cxd4 Ncxd4 18. Nfxd4 Nxd4 19. Nxd4 Rxd4 20. Qf2 O-O 21. Be2 Rfd8 22. Bxh5 Qc6 23. Kf1 Qc3 24. Re1 Bd5 25. Qe3 Bc4+ 26. Kf2 Rd3 27. Qc5 g6 28. Bg4 Rd2+ 29. Re2 Qb2 30. Rge1 Qxa2 31. Qe7 Qb2 32. Qxd8+ 1-0

[Event "Montreal Mercredi 02"]
[Site "Montreal CAN"]
[Date "2012.03.07"]
[Round "3"]
[White "Cote, Philippe"]
[Black "Le Bas, Nicolas"]
[Result "1-0"]
[WhiteElo "1704"]
[BlackElo "1568"]
[PlyCount "33"]
[GameId "2160767909576249"]
[EventDate "2012.02.22"]
[EventType "swiss"]
[EventRounds "5"]
[EventCountry "CAN"]
[SourceTitle "EXT 2022"]
[Source "ChessBase"]
[SourceDate "2021.10.06"]
[SourceVersion "1"]
[SourceVersionDate "2021.10.06"]
[SourceQuality "1"]

1. e4 e5 2. f4 exf4 3. Nf3 d6 4. d4 Bg4 5. Bxf4 Nf6 6. Nc3 Nbd7 7. Bc4 Nb6 8. Bd3 Be7 9. O-O O-O 10. Qe1 Nh5 11. Bd2 f5 12. exf5 Bxf5 13. Bxf5 Rxf5 14. Qe6+ Rf7 15. Ng5 Bxg5 16. Qxf7+ Kh8 17. Bxg5 1-0

[Event "Montreal Mercredi 02"]
[Site "Montreal CAN"]
[Date "2012.03.07"]
[Round "3"]
[White "Gauthier, Denis"]
[Black "Nardone, Raul"]
[Result "0-1"]
[WhiteElo "1935"]
[BlackElo "1911"]
[PlyCount "68"]
[GameId "2160767909576250"]
[EventDate "2012.02.22"]
[EventType "swiss"]
[EventRounds "5"]
[EventCountry "CAN"]
[SourceTitle "EXT 2022"]
[Source "ChessBase"]
[SourceDate "2021.10.06"]
[SourceVersion "1"]
[SourceVersionDate "2021.10.06"]
[SourceQuality "1"]

1. d4 f5 2. Nc3 Nf6 3. Bg5 d5 4. Bxf6 exf6 5. e3 Be6 6. h4 Qd7 7. Nh3 Nc6 8. Bb5 a6 9. Ba4 b5 10. Bb3 Na5 11. Nf4 Nxb3 12. axb3 Bf7 13. h5 Be7 14. Qd3 O-O 15. Nce2 Bd6 16. O-O g5 17. hxg6 hxg6 18. Ng3 Kg7 19. Ra5 Bb4 20. Ra2 a5 21. c3 Bd6 22. Rfa1 a4 23. Qd1 Rfb8 24. Qf3 c6 25. b4 Be7 26. Nd3 Ra7 27. Ne2 Rba8 28. Nef4 Qc7 29. g3 Rh8 30. Ng2 g5 31. Nc5 Qc8 32. b3 Bh5 33. g4 Bxg4 34. Qg3 Rh3 0-1

[Event "Montreal Mercredi 02"]
[Site "Montreal CAN"]
[Date "2012.03.07"]
[Round "3"]
[White "Giroux, Robert"]
[Black "Weston, Paul"]
[Result "1/2-1/2"]
[WhiteElo "1807"]
[BlackElo "1878"]
[PlyCount "69"]
[GameId "2160767909576251"]
[EventDate "2012.02.22"]
[EventType "swiss"]
[EventRounds "5"]
[EventCountry "CAN"]
[SourceTitle "EXT 2022"]
[Source "ChessBase"]
[SourceDate "2021.10.06"]
[SourceVersion "1"]
[SourceVersionDate "2021.10.06"]
[SourceQuality "1"]

1. d4 Nf6 2. c4 g6 3. Nc3 Bg7 4. e4 d6 5. Be2 Nbd7 6. f4 O-O 7. Nf3 c5 8. d5 b5 9. cxb5 Qa5 10. Nd2 a6 11. b6 Qxb6 12. Nc4 Qc7 13. Qa4 Nb6 14. Qa5 Nfd7 15. Na4 Rb8 16. Bd2 Qa7 17. Naxb6 Nxb6 18. Nxb6 Qxb6 19. Qxb6 Rxb6 20. Bc3 Bxc3+ 21. bxc3 Bd7 22. O-O Rfb8 23. Bd3 Bb5 24. c4 Bd7 25. Rab1 a5 26. Rxb6 Rxb6 27. Rb1 Rb4 28. a3 Rxb1+ 29. Bxb1 Ba4 30. Kf2 Bb3 31. Bd3 e6 32. Ke3 exd5 33. exd5 Kg7 34. g4 f6 35. g5 1/2-1/2

[Event "Montreal Mercredi 02"]
[Site "Montreal CAN"]
[Date "2012.03.07"]
[Round "3"]
[White "Hebert, Pierre"]
[Black "Baran, Marius"]
[Result "1/2-1/2"]
[WhiteElo "1634"]
[BlackElo "1712"]
[PlyCount "57"]
[GameId "2160767909576252"]
[EventDate "2012.02.22"]
[EventType "swiss"]
[EventRounds "5"]
[EventCountry "CAN"]
[SourceTitle "EXT 2022"]
[Source "ChessBase"]
[SourceDate "2021.10.06"]
[SourceVersion "1"]
[SourceVersionDate "2021.10.06"]
[SourceQuality "1"]

1. d4 d5 2. c4 e6 3. Nc3 Nf6 4. Bg5 Be7 5. cxd5 exd5 6. Qc2 O-O 7. e3 Be6 8. Bd3 Nbd7 9. f4 Ng4 10. Bxe7 Qxe7 11. Nd1 f5 12. Nf3 c5 13. h3 Ngf6 14. Bxf5 Rac8 15. Bxe6+ Qxe6 16. Qd3 Ne4 17. O-O c4 18. Qc2 Rf6 19. Nc3 Nxc3 20. Qxc3 h6 21. Rae1 Rd8 22. Ne5 Rdf8 23. g4 g6 24. Qc2 Kg7 25. Rf2 Nxe5 26. dxe5 R6f7 27. Ref1 b5 28. Qc3 Kh7 29. Qc2 1/2-1/2

[Event "Montreal Mercredi 02"]
[Site "Montreal CAN"]
[Date "2012.03.07"]
[Round "3"]
[White "Lacroix, Serge"]
[Black "Gauthier, Luc"]
[Result "1-0"]
[WhiteElo "1858"]
[BlackElo "1738"]
[PlyCount "143"]
[GameId "2160767909576253"]
[EventDate "2012.02.22"]
[EventType "swiss"]
[EventRounds "5"]
[EventCountry "CAN"]
[SourceTitle "EXT 2022"]
[Source "ChessBase"]
[SourceDate "2021.10.06"]
[SourceVersion "1"]
[SourceVersionDate "2021.10.06"]
[SourceQuality "1"]

1. e4 Nf6 2. e5 Nd5 3. d4 d6 4. c4 Nb6 5. exd6 exd6 6. Nf3 Bg4 7. Be3 Be7 8. h3 Bh5 9. Nbd2 O-O 10. Bd3 Bg6 11. Qc2 Bxd3 12. Qxd3 Bf6 13. O-O Nc6 14. a3 h6 15. Ne4 d5 16. Nxf6+ Qxf6 17. c5 Nc4 18. b3 Nxe3 19. fxe3 Qe6 20. b4 Rfe8 21. Rfe1 Qe4 22. Qxe4 Rxe4 23. b5 Na5 24. Nd2 Re6 25. e4 Rae8 26. e5 f6 27. Nf3 Nc4 28. exf6 Rxe1+ 29. Nxe1 gxf6 30. Kf2 c6 31. bxc6 bxc6 32. a4 Re4 33. Nf3 Kf7 34. Rb1 Na5 35. Rb8 Re8 36. Rxe8 Kxe8 37. Nh4 Kf7 38. Nf5 Kg6 39. Nd6 Nb3 40. Ke3 f5 41. Nc8 f4+ 42. Kxf4 Nxd4 43. Ke5 Nb3 44. Nxa7 d4 45. Nxc6 Nxc5 46. a5 d3 47. Ne7+ Kg5 48. Nd5 d2 49. Ne3 Kh4 50. Kd5 Na6 51. Kc4 Kg3 52. Kd3 d1=Q+ 53. Nxd1 Kxg2 54. Kc4 Kxh3 55. Kb5 Nb8 56. Kb6 Nd7+ 57. Kc7 Nc5 58. Kc6 Na6 59. Kb7 Nc5+ 60. Kb6 Nd7+ 61. Kc6 Nb8+ 62. Kb7 Nd7 63. Nc3 Nc5+ 64. Kb6 Nd7+ 65. Kc6 Ne5+ 66. Kb5 Nf7 67. a6 Nd6+ 68. Kc6 Nc8 69. Kc7 Na7 70. Kb7 Kg2 71. Kxa7 h5 72. Kb8 1-0

[Event "Montreal Mercredi 02"]
[Site "Montreal CAN"]
[Date "2012.03.07"]
[Round "3"]
[White "Mestre, Evick"]
[Black "Chenard, Yanick"]
[Result "0-1"]
[WhiteElo "1510"]
[BlackElo "1510"]
[PlyCount "64"]
[GameId "2160767909576254"]
[EventDate "2012.02.22"]
[EventType "swiss"]
[EventRounds "5"]
[EventCountry "CAN"]
[SourceTitle "EXT 2022"]
[Source "ChessBase"]
[SourceDate "2021.10.06"]
[SourceVersion "1"]
[SourceVersionDate "2021.10.06"]
[SourceQuality "1"]

1. d4 Nf6 2. c4 e6 3. Nc3 Bb4 4. a3 Bxc3+ 5. bxc3 c5 6. e3 b6 7. Bd3 Bb7 8. f3 Nc6 9. Ne2 O-O 10. O-O Rc8 11. e4 cxd4 12. cxd4 Na5 13. Ng3 Nxc4 14. f4 b5 15. f5 Qb6 16. Bc2 e5 17. Kh1 Qxd4 18. Qxd4 exd4 19. Bd3 Rfe8 20. Rb1 Nxe4 21. Nxe4 Bxe4 22. Bxe4 Rxe4 23. Rxb5 Nb6 24. Rb4 Rc4 25. Bd2 Rxb4 26. Bxb4 Re5 27. f6 gxf6 28. Rxf6 Nd5 29. Rf1 Nxb4 30. axb4 d3 31. Kg1 d2 32. Kf2 Rf5+ 0-1

[Event "Montreal Mercredi 02"]
[Site "Montreal CAN"]
[Date "2012.03.07"]
[Round "3"]
[White "Millette, Sylvain"]
[Black "Berthiaume, Yves"]
[Result "1/2-1/2"]
[WhiteElo "1533"]
[BlackElo "1456"]
[PlyCount "99"]
[GameId "2160767909576255"]
[EventDate "2012.02.22"]
[EventType "swiss"]
[EventRounds "5"]
[EventCountry "CAN"]
[SourceTitle "EXT 2022"]
[Source "ChessBase"]
[SourceDate "2021.10.06"]
[SourceVersion "1"]
[SourceVersionDate "2021.10.06"]
[SourceQuality "1"]

1. Nf3 Nf6 2. g3 d5 3. Bg2 c6 4. O-O Bf5 5. d3 e6 6. Nbd2 Be7 7. Re1 O-O 8. b3 Nbd7 9. Bb2 Bb4 10. a3 Ba5 11. b4 Bc7 12. c4 a5 13. e4 dxe4 14. Nxe4 Nxe4 15. dxe4 Bg4 16. Qd4 e5 17. Qc3 Qf6 18. Rad1 Nb6 19. Rd3 Na4 20. Qc2 Nxb2 21. Qxb2 axb4 22. axb4 Rfd8 23. Red1 Bxf3 24. Bxf3 Rxd3 25. Rxd3 Rd8 26. Qc2 Rxd3 27. Qxd3 Qd8 28. Qxd8+ Bxd8 29. Bg4 Be7 30. c5 Kf8 31. Bc8 b6 32. cxb6 Bxb4 33. Bd7 Bc5 34. b7 Ba7 35. Bxc6 Ke7 36. Kf1 Kd6 37. Bd5 f6 38. Ke2 Kc7 39. f4 Bg1 40. h3 Bd4 41. Kd3 h6 42. fxe5 Bxe5 43. g4 Kb6 44. h4 Kc7 45. Ke3 g5 46. h5 Kb6 47. Kd3 Kc5 48. Be6 Bc7 49. Bf5 Be5 50. Bc8 1/2-1/2